[Event "COL pre olympic sf3"]
[Site "Cartagena"]
[Date "2019.08.14"]
[Round "1"]
[White "Gonzalez Parejo, Ramon Junior"]
[Black "Rojas Castillo, Andrea Lizeth"]
[Result "1-0"]
[WhiteElo "2221"]
[BlackElo "1684"]
[PlyCount "27"]
[EventDate "2019.08.14"]
[EventType "swiss"]
[EventRounds "10"]
[EventCountry "COL"]
[SourceTitle "EXT 2020"]
[Source "ChessBase"]
[SourceDate "2019.10.17"]
[SourceVersion "1"]
[SourceVersionDate "2019.10.17"]
[SourceQuality "1"]

1. Nf3 d5 2. g3 Nf6 3. Bg2 c6 4. 0-0 Bf5 5. d3 e6 6. Nbd2 Bd6 7. Qe1 0-0 8. e4 dxe4 9. dxe4 Bg6 10. e5 Nd5 11. exd6 Nb4 12. Nd4 c5 13. a3 Nd5 14. Nb5 1-0

[Event "COL-chT Liga Quintal"]
[Site "Barranquilla"]
[Date "2019.05.19"]
[Round "4.1"]
[White "Gonzalez Parejo, Ramon Junior"]
[Black "De la Ossa, Carlos Enrique"]
[Result "1-0"]
[WhiteElo "2235"]
[BlackElo "2029"]
[PlyCount "66"]
[EventDate "2019.03.17"]
[EventType "team-tourn"]
[EventRounds "7"]
[EventCountry "COL"]
[SourceTitle "EXT 2024"]
[Source "ChessBase"]
[SourceDate "2023.10.10"]
[SourceVersion "1"]
[SourceVersionDate "2023.10.10"]
[SourceQuality "1"]
[WhiteTeam "Universal Los Lagartos"]
[BlackTeam "Centenario y Asociados"]
[WhiteTeamCountry "COL"]
[BlackTeamCountry "COL"]

1. Nf3 Nf6 2. b3 g6 3. Bb2 Bg7 4. e3 c5 5. Be2 b6 6. 0-0 Bb7 7. d4 0-0 8. c4 d6 9. Nc3 Ne4 10. Nxe4 Bxe4 11. Qd2 Nc6 12. Rfd1 Qc8 13. Rac1 Rd8 14. Ng5 Bf5 15. d5 Bxb2 16. Qxb2 Nb8 17. e4 Bg4 18. f4 h6 19. Nf3 Nd7 20. Qc3 f6 21. Qe3 Bxf3 22. Bxf3 Qc7 23. Rc3 Kg7 24. Bg4 Nf8 25. Qg3 b5 26. cxb5 a6 27. bxa6 Rxa6 28. a4 Qa5 29. e5 Rb8 30. Re3 Qc7 31. Rc1 Qa7 32. Be2 Rb4 33. Rc4 Qd7 1-0

[Event "COL-ch U2300"]
[Site "Pereira"]
[Date "2019.03.24"]
[Round "6"]
[White "Gonzalez Parejo, Ramon Junior"]
[Black "Contreras, Henry"]
[Result "0-1"]
[WhiteElo "2235"]
[BlackElo "2225"]
[PlyCount "79"]
[EventDate "2019.03.21"]
[EventType "swiss"]
[EventRounds "9"]
[EventCountry "COL"]
[SourceTitle "CBM 189 Extra"]
[Source "ChessBase"]
[SourceDate "2019.05.31"]
[SourceVersion "1"]
[SourceVersionDate "2019.05.31"]
[SourceQuality "1"]

1. Nf3 Nf6 2. b3 g6 3. Bb2 Bg7 4. e3 0-0 5. d4 c5 6. Be2 b6 7. 0-0 Bb7 8. c4 d6 9. Nc3 Ne4 10. Nxe4 Bxe4 11. Qd2 Nd7 12. Rfd1 Bxf3 13. Bxf3 Rc8 14. Rac1 Qc7 15. a3 Nf6 16. b4 Rfd8 17. Qc2 e5 18. dxe5 dxe5 19. b5 Qe7 20. Bc6 a5 21. h3 h5 22. g3 Kh7 23. Kg2 Ng8 24. e4 Bh6 25. Rxd8 Rxd8 26. Rd1 Rxd1 27. Qxd1 h4 28. Qd5 f6 29. gxh4 Bf4 30. Kf3 Kg7 31. h5 gxh5 32. Ke2 Nh6 33. f3 Nf7 34. a4 Qd6 35. Bc3 Kf8 36. Bd7 Qxd5 37. cxd5 Ke7 38. Be6 Nd6 39. Kd3 c4+ 40. Kc2 0-1

[Event "COL-ch U2300"]
[Site "Pereira"]
[Date "2019.03.22"]
[Round "3"]
[White "Chavez Duero, Brayan Steven"]
[Black "Gonzalez Parejo, Ramon Junior"]
[Result "0-1"]
[WhiteElo "1813"]
[BlackElo "2235"]
[PlyCount "21"]
[EventDate "2019.03.21"]
[EventType "swiss"]
[EventRounds "9"]
[EventCountry "COL"]
[SourceTitle "CBM 189 Extra"]
[Source "ChessBase"]
[SourceDate "2019.05.31"]
[SourceVersion "1"]
[SourceVersionDate "2019.05.31"]
[SourceQuality "1"]

1. e4 c5 2. b3 Nf6 3. e5 Nd5 4. Bb2 Nc6 5. g3 e6 6. Nf3 Be7 7. Bg2 0-0 8. c4 Nc7 9. 0-0 f6 10. Na3 d5 11. d4 0-1

[Event "COL-ch"]
[Site "Bogota"]
[Date "2018.11.11"]
[Round "8"]
[White "Gonzalez Parejo, Ramon Junior"]
[Black "Torres, Juan Camilo"]
[Result "0-1"]
[WhiteElo "2143"]
[BlackElo "2279"]
[PlyCount "86"]
[EventDate "2018.11.06"]
[EventType "swiss"]
[EventRounds "9"]
[EventCountry "COL"]
[SourceTitle "CBM 187 Extra"]
[Source "ChessBase"]
[SourceDate "2018.11.04"]
[SourceVersion "1"]
[SourceVersionDate "2018.11.04"]
[SourceQuality "1"]

1. e4 c5 2. Nf3 e6 3. d4 cxd4 4. Nxd4 a6 5. Bd3 Nf6 6. 0-0 Qc7 7. f4 d6 8. Qe2 Nbd7 9. c4 Be7 10. Be3 0-0 11. Nc3 Re8 12. Rac1 Bf8 13. b4 b6 14. g4 g6 15. g5 Nh5 16. Qf2 Bb7 17. Nb3 Rac8 18. Be2 Ng7 19. a4 Qd8 20. Rfd1 d5 21. cxd5 Bxb4 22. dxe6 fxe6 23. Na2 Ba3 24. Rc3 Rxc3 25. Nxc3 Qc7 26. Nb1 Bb4 27. Rd4 Be7 28. Rc4 Qb8 29. N1d2 Rf8 30. Qg3 a5 31. Rd4 Bc6 32. Rc4 Bb7 33. Rd4 Nc5 34. Bb5 Nh5 35. Qg4 Nxf4 36. e5 Nd5 37. Nxc5 Bxc5 38. Qxe6+ Kh8 39. Bf2 Bxd4 40. Bxd4 Nf4 41. Qg4 Qd8 42. Nb3 Qxg5 43. Kf2 Ne6+ 0-1

[Event "COL-ch"]
[Site "Bogota"]
[Date "2018.11.09"]
[Round "6"]
[White "Gonzalez Parejo, Ramon Junior"]
[Black "Hernandez, Cristian Andres"]
[Result "1-0"]
[WhiteElo "2143"]
[BlackElo "2349"]
[PlyCount "57"]
[EventDate "2018.11.06"]
[EventType "swiss"]
[EventRounds "9"]
[EventCountry "COL"]
[SourceTitle "CBM 187 Extra"]
[Source "ChessBase"]
[SourceDate "2018.11.04"]
[SourceVersion "1"]
[SourceVersionDate "2018.11.04"]
[SourceQuality "1"]

1. e4 c5 2. Nf3 d6 3. d4 Nf6 4. Nc3 cxd4 5. Nxd4 a6 6. Bg5 e6 7. f4 h6 8. Bh4 Be7 9. Qf3 Nbd7 10. 0-0-0 Qc7 11. Bd3 g5 12. fxg5 Ne5 13. Qe2 Nfg4 14. Nf3 hxg5 15. Bg3 Nxf3 16. Qxf3 Ne5 17. Bxe5 dxe5 18. Rdf1 Bd8 19. Kb1 Qe7 20. g3 b5 21. h4 Ra7 22. hxg5 Rxh1 23. Qxh1 Qxg5 24. Qh7 Bf6 25. a4 b4 26. Na2 a5 27. Nc1 Bd7 28. Nb3 Bg7 29. Qg8+ 1-0